Alle Nationalitäten, die jemals für den VFB Stuttgart gespielt haben - Statistiken

Allgemein
  • Dieses Quiz wurde 54 mal gespielt
  • Das Durchschnittsergebnis liegt bei 50 aus 67
Antwortstatistiken
Hint Antwort % Korrekt
Europa Dänemark
98%
Europa Deutschland
98%
Europa Italien
98%
Europa Kroatien
98%
Europa Portugal
98%
Europa Spanien
98%
Europa Österreich
96%
Südamerika Argentinien
93%
Europa Belgien
93%
Europa England
93%
Europa Frankreich
93%
Europa Norwegen
93%
Europa Schweden
93%
Europa Schweiz
93%
Europa Bosnien-Herzegowina
91%
Südamerika Brasilien
91%
Europa Griechenland
91%
Europa Niederlande
91%
Europa Serbien
91%
Nordamerika Vereinigte Staaten
91%
Ozeanien Australien
89%
Europa Bulgarien
89%
Asien Japan
89%
Europa Polen
89%
Europa Slowakei
89%
Europa Tschechien
89%
Afrika Marokko
87%
Europa Slowenien
87%
Europa Ukraine
87%
Afrika Ägypten
85%
Nordamerika Kanada
85%
Ozeanien Neuseeland
85%
Europa Russland
85%
Asien Türkei
85%
Nordamerika Mexiko
83%
Europa Rumänien
83%
Afrika Algerien
80%
Südamerika Chile
80%
Europa Island
80%
Europa Belarus
78%
Afrika DR Kongo
78%
Südamerika Ecuador
78%
Südamerika Kolumbien
78%
Afrika Kamerun
76%
Europa Ungarn
76%
Afrika Guinea
74%
Europa Kosovo
74%
Afrika Südafrika
74%
Afrika Elfenbeinküste
72%
Europa Nordmazedonien
72%
Afrika Ghana
70%
Afrika Tunesien
70%
Afrika Nigeria
61%
Asien Irak
59%
Afrika Angola
54%
Afrika Mali
54%
Afrika Togo
50%
Nordamerika Panama
48%
Afrika Guinea-Bissau
43%
Afrika Sierra Leone
33%
Nordamerika Dominikanische Republik
30%
Asien Syrien
30%
Afrika Südsudan
26%
Asien Afghanistan
22%
Nordamerika Martinique
17%
Afrika Komoren
11%
Europa Grönland
7%
Keine übereinstimmenden Quizze gefunden
Verteilung der Resultate
Anzahl Personen mit jedem Resultat
Perzentil nach korrekt beantworteten Fragen
Ihre Resultats-Entwicklung
Sie haben dieses Quiz noch nicht gespielt